Floating Prostitutes and the Risk of HIV/AIDS : (Record no. 83341)
[ view plain ]
| 000 -LEADER | |
|---|---|
| fixed length control field | 01019nam a2200253 a 4500 |
| 001 - CONTROL NUMBER | |
| RUCL Control Number | 83341 |
| 003 - CONTROL NUMBER IDENTIFIER | |
| rucl marc code | BD-RjUL |
| 005 - DATE AND TIME OF LATEST TRANSACTION | |
| control field | 20240313114003.0 |
| 008 - FIXED-LENGTH DATA ELEMENTS--GENERAL INFORMATION | |
| fixed length control field | 240313s2010 bg a|||| m||| 00| 0 eng d |
| 035 ## - SYSTEM CONTROL NUMBER | |
| system control number | (BD-RjUL)83341 |
| 040 ## - CATALOGING SOURCE | |
| Original cataloging agency | BD-RjUL |
| Language of cataloging | eng |
| Transcribing agency | BD-RjUL |
| Modifying agency | BD-RjUL |
| 041 ## - LANGUAGE CODE | |
| Language code of Book | eng |
| 082 ## - DEWEY DECIMAL CLASSIFICATION NUMBER | |
| DDC Edition number | 23 |
| Classification number | 364.44015192 |
| Author mark and Year | FEF 2010 |
| 100 ## - MAIN ENTRY--PERSONAL NAME | |
| Personal name | Ferdous, Zannatul |
| 9 (RLIN) | 12280 |
| 245 10 - TITLE STATEMENT | |
| Title | Floating Prostitutes and the Risk of HIV/AIDS : |
| Remainder of title | A Sociometric Stduy in Rajshahi City / |
| Statement of responsibility, etc | By Zannatul Ferdous ; |
| Name of Supervisor/Co-Supervisor | Supervisor : M. A. Basher Mia, Co-Supervisor : Prafulla C. Sarker |
| 260 ## - PUBLICATION, DISTRIBUTION, ETC. (IMPRINT) | |
| Place of publication, distribution, etc | Rajshahi : |
| Name of publisher, distributor, etc | Institute of Bangladesh Studies, University Rajshahi, |
| Date of publication, distribution, etc | 2010 |
| 300 ## - PHYSICAL DESCRIPTION | |
| Pagination | xvii, 161 Leaves : |
| Other physical details | ill, ; |
| Dimensions | 29 cm. |
| 502 ## - DISSERTATION NOTE | |
| Dissertation note | Thesis (Ph. D.) -- Institute of Bangladesh Studies, University Rajshahi, 2010 |
| 504 ## - BIBLIOGRAPHY, ETC. NOTE | |
| Bibliography, etc | References : Leaves 147-151 |
| 650 ## - SUBJECT ADDED ENTRY--TOPICAL TERM | |
| Topical term or geographic name as entry element | Social Problem |
| Form subdivision | Prostitution |
| 9 (RLIN) | 12281 |
| 700 ## - ADDED ENTRY--SUPERVISOR/CO-SUPERVISOR NAME | |
| Personal name | Mia, M. A. Basher, Supervisor |
| 9 (RLIN) | 12282 |
| Personal name | Sarker, Prafulla C, Co-Supervisor |
| 9 (RLIN) | 12283 |
| 942 ## - ADDED ENTRY ELEMENTS (KOHA) | |
| Source of classification or shelving scheme | Dewey Decimal Classification |
| Koha item type | Theses |
| Source of classification or shelving scheme | Damaged status | Not for loan | Collection code | Permanent Location | Current Location | Shelving location | Date of accession | Source of acquisition | Total Checkouts | Full call number | Barcode | Date last seen | Copy number | Thesis |
|---|---|---|---|---|---|---|---|---|---|---|---|---|---|---|
| Dewey Decimal Classification | Not For Loan | Theses | Central Library, University of Rajshahi | Central Library, University of Rajshahi | Documentation Section | 26/05/2011 | Controller of Exam. R. U. | THE 364.44015192 FEF 2010 | D3211 | 13/03/2024 | C-I | Theses |